00381nam a2200145Ia 4500008004100000020001700041041000800058082001300066100001500079245007300094260002900167300000800196365001600204700001500220230718s9999 xx 000 0 und d a978814004861 aeng a158bAGA aAgarwal R. aWhat I Did Not Learn At IITbTransitioning From Campus To Work Place c2013bRandom House India a194 cRs.b150.00 aAgarwal R.